Modern ecology: basic and applied aspects
Na minha lista:
| Main Authors: | , |
|---|---|
| Formato: | Livro |
| Idioma: | inglês |
| Publicado em: |
Amsterdam
Elsevier
1991
|
| Assuntos: | |
| Tags: |
Adicionar Tag
Sem tags, seja o primeiro a adicionar uma tag!
|
MARC
| LEADER | 00000nam a2200000 a 4500 | ||
|---|---|---|---|
| 001 | UCX8679 | ||
| 003 | CL-VaPUC | ||
| 008 | 940419e19910000NE |||||||||||||||||eng|d | ||
| 082 | 0 | 4 | |a 577 |b ESS |2 21 |
| 100 | 0 | |a Esser, Gerd |e author |9 325862 | |
| 700 | 0 | |a Overdieck, Dieter |e author |9 325863 | |
| 245 | 1 | 0 | |a Modern ecology: basic and applied aspects |
| 300 | |a 844 p | ||
| 942 | |c BK | ||
| 945 | |d 19940419 00:00:00 |a mfernand | ||
| 260 | |a Amsterdam |b Elsevier |c 1991 | ||
| 650 | 0 | |a Ecología |9 258124 | |
| 583 | |a last modification |c 19940419 00:00:00 |k Rodrigo Vera | ||
| 999 | |c 228115 |d 228113 | ||
| 952 | |0 0 |1 0 |4 0 |6 577_000000000000000_ESS_1991 |7 0 |8 A |9 227742 |a BIBCUR |b BIBCUR |d 2019-11-15 |i 2970546 |o 577 ESS 1991 |p 2970546 |r 2025-04-22 |w 2019-11-15 |y BK |k BCB | ||